007020000a22001930004500003001100000005001700011008004100028020001500069040003900084041000800123082001600131100002200147245007500169260005200244300006100296650001600357650006600373650006900439LK-CoMWRAF20231030112339.0230817t2004 ||||| |||| 00| 0 eng d a9559102737 aLK-CoMWRAFdLK-CoMWRAFeLK-CoMWRAF aeng a305.42bKOT aKottegoda, Sepali aNegotiating Household Politics:bWomen's Strategies in Urban Sri Lanka aColombo:bSocial Scientists' Association,c2004 aii, 269, vi p. ; 23 cm.bBibliography and index included aURBAN WOMEN aUrban women -- Sri Lanka -- Social conditions -- 20th century a Urban women -- Sri Lanka -- Economic conditions -- 20th century